Most Dangerous Volcanoes - Statistics

General Stats
  • This quiz has been taken 6 times
  • The average score is 1 of 10
Answer Stats
Country Volcano People within 10km % Correct
Italy Campi Flegrei 2,234,109
80%
Mexico Michoacan-Guanajuato 5,783,287
40%
El Salvador Ilopango 2,049,583
20%
New Zealand Auckland Field 1,049,110
0%
Indonesia Dieng Volcanic Complex 1,092,929
0%
Armenia Ghegam Ridge 1,265,153
0%
China Hainan Volcanic Field 1,731,229
0%
Saudi Arabia Harrat Rahat 1,010,115
0%
Philippines San Pablo Volcanic Field 1,349,742
0%
Taiwan Tatun Volcanic Group 5,084,149
0%
No matching quizzes found
Score Distribution
Percent of People with Each Score
Percentile by Number Answered
Your Score History
You have not taken this quiz